Clinical Nursing Pediatric Procedure Manual (Record no. 159194)
[ view plain ]
| 000 -LEADER | |
|---|---|
| fixed length control field | 00398nam a2200145Ia 4500 |
| 008 - FIXED-LENGTH DATA ELEMENTS--GENERAL INFORMATION | |
| fixed length control field | 230519s9999 xx 000 0 und d |
| 020 ## - INTERNATIONAL STANDARD BOOK NUMBER | |
| International Standard Book Number | 978-93-81390-07-8 |
| 041 ## - LANGUAGE CODE | |
| Language code of text/sound track or separate title | eng |
| 082 ## - DEWEY DECIMAL CLASSIFICATION NUMBER | |
| Classification number | 610.7362/SR/DB0383 |
| 100 ## - MAIN ENTRY--PERSONAL NAME | |
| Personal name | Sr Lissy Thomas |
| 9 (RLIN) | 180358 |
| 245 ## - TITLE STATEMENT | |
| Title | Clinical Nursing Pediatric Procedure Manual |
| 260 ## - PUBLICATION, DISTRIBUTION, ETC. (IMPRINT) | |
| Name of publisher, distributor, etc. | S Vikas and Co |
| Place of publication, distribution, etc. | Jalandhar |
| Date of publication, distribution, etc. | 2013 |
| 300 ## - PHYSICAL DESCRIPTION | |
| Extent | 184 |
| Withdrawn status | Lost status | Damaged status | Not for loan | Home library | Current library | Date acquired | Cost, normal purchase price | Bill number | Total Checkouts | Full call number | Barcode | Date last seen | Bill Date | Koha item type | Original Barcode | Date last checked out |
|---|---|---|---|---|---|---|---|---|---|---|---|---|---|---|---|---|
| Smt. Bakul Tambat Institute of Nursing Education | Smt. Bakul Tambat Institute of Nursing Education | 29/06/2015 | 225.00 | 79 | 610.7362 SR DB0383 | BTIN-DB-383 | 19/05/2023 | 20/05/2015 | Donated Book | DB0383 | ||||||
| Smt. Bakul Tambat Institute of Nursing Education | Smt. Bakul Tambat Institute of Nursing Education | 20/04/2018 | 225.00 | 79 | 1 | 610.7362 SR DB0675 | BTIN-DB-675 | 31/01/2024 | 20/05/2015 | Donated Book | DB0675 | 14/12/2023 |